00337nam a2200097Ia 4500245003100000100004600031942000700077008004100084999001900125952009500144 0aUfudu olwalufuna ukundiza  a Horsely, Lorraine London, 2007 915829 cBK210825s9999 xx 000 0 und d c559944d559943 00104070aSILILbSILILd2021-08-26g90.00l0p33228021193576r2021-08-26w2021-08-26yBK